ARRUPE JESUIT UNIVERSITY

CORONAVIRUS -STOP THE SPREAD - CLEAN,DISINFECT,COVER

Lyric poems / (Record no. 128602)

MARC details
000 -LEADER
fixed length control field 01100cam a2200265 a 4500
001 - CONTROL NUMBER
control field 1069242
003 - CONTROL NUMBER IDENTIFIER
control field ARRUPE
005 - DATE AND TIME OF LATEST TRANSACTION
control field 20181121090457.0
008 - FIXED-LENGTH DATA ELEMENTS--GENERAL INFORMATION
fixed length control field 910220s1991 nyu 000 0 eng
010 ## - LIBRARY OF CONGRESS CONTROL NUMBER
LC control number 91009655
020 ## - INTERNATIONAL STANDARD BOOK NUMBER
International Standard Book Number 0486268713 :
Terms of availability $1.0
040 ## - CATALOGING SOURCE
Original cataloging agency DLC
Transcribing agency DLC
Modifying agency DLC
050 10 - LIBRARY OF CONGRESS CALL NUMBER
Classification number PR4832
Item number .G23 1991
082 00 - DEWEY DECIMAL CLASSIFICATION NUMBER
Classification number 821/.7
Edition number 20
300 ## - PHYSICAL DESCRIPTION
Dimensions 22 cm.
100 1# - MAIN ENTRY--PERSONAL NAME
Personal name Keats, John,
Dates associated with a name 1795-1821.
9 (RLIN) 29874
245 10 - TITLE STATEMENT
Title Lyric poems /
Statement of responsibility, etc John Keats.
260 ## - PUBLICATION, DISTRIBUTION, ETC. (IMPRINT)
Place of publication, distribution, etc New York :
Name of publisher, distributor, etc Dover Publications,
Date of publication, distribution, etc 1991.
300 ## - PHYSICAL DESCRIPTION
Extent viii, 66 p. ;
440 #0 - SERIES STATEMENT/ADDED ENTRY--TITLE
Title Dover thrift editions
9 (RLIN) 17031
500 ## - GENERAL NOTE
General note "Contains 30 poems reprinted from The poetical works of John Keats, edited by H.W. Garrod, Oxford University Press, London, 1956"--T.p. verso.
856 42 - ELECTRONIC LOCATION AND ACCESS
Materials specified Publisher description
Uniform Resource Identifier <a href="http://www.loc.gov/catdir/description/dover032/91009655.html">http://www.loc.gov/catdir/description/dover032/91009655.html</a>
856 41 - ELECTRONIC LOCATION AND ACCESS
Materials specified Table of contents only
Uniform Resource Identifier <a href="http://www.loc.gov/catdir/enhancements/fy1318/91009655-t.html">http://www.loc.gov/catdir/enhancements/fy1318/91009655-t.html</a>
906 ## - LOCAL DATA ELEMENT F, LDF (RLIN)
a 7
b cbc
c orignew
d 1
e ocip
f 19
g y-gencatlg
942 ## - ADDED ENTRY ELEMENTS (KOHA)
Source of classification or shelving scheme Library of Congress Classification
Koha item type Monograph ( Printed materials)
Holdings
Withdrawn status Lost status Source of classification or shelving scheme Damaged status Not for loan Collection code Home library Current library Shelving location Date acquired Total Checkouts Full call number Barcode Date last seen Price effective from Koha item type
    Library of Congress Classification     Main Collection ARRUPE LIBRARY ARRUPE LIBRARY Main Collection 21/11/2018   PR4832 .G23 1991 46600002620 21/11/2018 21/11/2018 Monograph ( Printed materials)

 

Arrupe Library. PO Box MP320 Mt Pleasant, Harare, Zimbabwe
263 242 745411|librarian@aju.ac.zw